000 00259nam a2200097Ia 4500
001 1161850
005 20250827011633.0
008 250824s9999 xx 000 0 und d
245 0 _aHAYAT ANCAK BEN OLDUĞUMDA GERÇEKTİR
_cGURDJEFF
260 _bDESTEK YAYINLARI
999 _c1161850
_d1161850